000 00337nam a2200145Ia 4500
008 230718s9999 xx 000 0 und d
041 _aEng.
082 _a34607
_bFAR-A
100 _aFarani , Mr. M.
245 0 _aActs Federal Pro vimeal
260 _aPakistan
_blaw book house
_c2009
300 _a690
650 _aLaw
999 _c29475
_d29475